Managerial Effectiveness : Managing the Self and Others (Record no. 88140)

MARC details
000 -LEADER
fixed length control field 00534nam a2200205Ia 4500
008 - FIXED-LENGTH DATA ELEMENTS--GENERAL INFORMATION
fixed length control field 230125s9999 xx 000 0 und d
020 ## - INTERNATIONAL STANDARD BOOK NUMBER
International Standard Book Number 81-314-0032-8
041 ## - LANGUAGE CODE
Language code of text/sound track or separate title eng
082 ## - DEWEY DECIMAL CLASSIFICATION NUMBER
Classification number 658
Item number ICF
100 ## - MAIN ENTRY--PERSONAL NAME
Personal name ICFAI
245 ## - TITLE STATEMENT
Title Managerial Effectiveness : Managing the Self and Others
250 ## - EDITION STATEMENT
Edition statement 1st Ed.
260 ## - PUBLICATION, DISTRIBUTION, ETC. (IMPRINT)
Date of publication, distribution, etc. 2005
Name of publisher, distributor, etc. ICFAI publication
Place of publication, distribution, etc. Hyderabad
300 ## - PHYSICAL DESCRIPTION
Extent 214p
440 ## - SERIES STATEMENT/ADDED ENTRY--TITLE
Title ICFAI
500 ## - GENERAL NOTE
Keywords Mangerial Effectiveness;ICFAI Series Book
650 ## - SUBJECT ADDED ENTRY--TOPICAL TERM
Topical term or geographic name as entry element Management
700 ## - ADDED ENTRY--PERSONAL NAME
Personal name ICFAI
Holdings
Withdrawn status Lost status Damaged status Not for loan Home library Current library Date acquired Vendor Cost, normal purchase price Bill number Total Checkouts Full call number Barcode Date last seen Cost, replacement price Bill Date Koha item type Original Barcode
        Smt. Hiraben Nanavati Institute of Management & Research for Women Smt. Hiraben Nanavati Institute of Management & Research for Women 22/03/2007 ICFAI 500.00 193   658 ICF B05750 HIMR-BK-5750 25/01/2023 500.00 22/03/2007 Books B05750